Four Letter Words With Double Letters - Statistics

General Stats
  • This quiz has been taken 90 times
  • The average score is 17 of 20
Answer Stats
Hint Answer % Correct
Opposite of Buy Sell
99%
Beverage of Oktoberfest Beer
97%
Great Barrier ____ in Australia Reef
96%
Hula ____ Hoop
95%
Small Mountain Hill
94%
Young Adult Teen
92%
Nourishment Food
91%
Jack fell down the hill with her Jill
90%
To Cry Weep
90%
Sea Bird Gull
88%
Cow's Mate Bull
87%
You slip on this part of bananas Peel
85%
Cannabis Weed
83%
What bees do Buzz
82%
Hades Hell
79%
Unit of power in an electric circuit Watt
77%
To take a quick look Peek
76%
Foot of an ungulate animal Hoof
71%
Smallest Unit of Life Cell
69%
Borscht Ingredient Beet
63%
No matching quizzes found
Score Distribution
Percent of People with Each Score
Percentile by Number Answered
Your Score History
You have not taken this quiz